| 000 | 01300nam2a22002411 4500 | ||
|---|---|---|---|
| 001 | rc\2364339 | ||
| 005 | 20250622235114.0 | ||
| 035 | _a(NLR Aleph) 006479065 | ||
| 090 |
_a6014404 _c6014404 |
||
| 100 | _a20110829d1976 |||y0rusy50 ca | ||
| 101 | 0 | _arus | |
| 102 | _aRU | ||
| 105 | _aa z ||||| | ||
| 200 | 1 | _aОсновные проектные решения и их обоснование по обеспечению подсистемы. 3.88. ОП.Т | |
| 210 |
_d[1976] _aБ. м. |
||
| 215 |
_a171 с. _cил. |
||
| 333 | _aДСП | ||
| 461 | 0 |
_1001rc\2364336 _12001#$aАвтоматизированная система плановых расчетов (АСПР)$eТехн. проект$fРуководитель А.Д. Пацера. Т. 2-$gГос. план. ком. Совета Министров УССР. (Госплан УССР)$iПодсистема "Промышленность"$vТ. 2 _97205111 _c[Киев _d1976] _fРуководитель А.Д. Пацера. Т. 2- _iПодсистема "Промышленность" _nБ. и. _oТехн. проект _tАвтоматизированная система плановых расчетов (АСПР) _vТ. 2 |
|
| 801 | 0 |
_aRU _bNLR _gpsbo |
|
| 801 | 1 |
_aRU _bELAR _2rusmarc |
|
| 852 |
_aNLR _j76-50к/3690 |
||
| 942 | _cBOOK | ||
| 980 | _aNB | ||